| 000 | 01629nam a2200385 c 4500 | ||
|---|---|---|---|
| 003 | BLK | ||
| 005 | 20221022103126.0 | ||
| 008 | 180408b bul|||||r ||||||| ||bul|| | ||
| 010 | _aKNG00097672000 | ||
| 040 | _aBLK | ||
| 041 |
_aBUL _cBUL |
||
| 080 |
_aХудожествена обработка на метали _b739 _x(035) _z739(035) |
||
| 080 |
_aИзделия от благородни метали и скъпоценни камъни. Бижутерия _b671 _x(035) _z671(035) |
||
| 100 | 1 |
_aВладимир, Петер _eпърви автор _9305150 |
|
| 700 | 1 |
_aШоршич, Гизела _eпрев. от унг. _9276623 |
|
| 139 |
_aПетер, Владимир _bП 42 |
||
| 245 | 1 | 0 |
_aМетали, камъни, майстори _bПракт. съвети за худож. обраб. на металите _cПетер Владимир; прев. от унг. Гизела Шоршич. |
| 257 | _aHUN | ||
| 260 |
_аСофия _bБълг. художник _c1978 |
||
| 300 |
_a39 с. _bс ил., 8 л. ил. _c20 см |
||
| 380 | _a7 | ||
| 490 | 1 | _aИзкуството и ние | |
| 500 | _aОриг. загл. Femek, kovek, mesterek. - 8 120 тир. | ||
| 650 | 4 |
_aХудожествена обработка на метали _9304872 |
|
| 653 | _aметали | ||
| 653 | _aскъпоценни камъни | ||
| 653 | _aобработка | ||
| 653 | _aнаръчници | ||
| 653 | _aръководства | ||
| 852 | _aЦб 96002 | ||
| 856 | 4 |
_qpdf _u |
|
| 856 | 4 |
_qpdf _u |
|
| 942 |
_cKNG _n0 _01 |
||
| 944 |
_aCR _c27.10.2010 _lф / 27.10.2010 _kЛюдмила_Стоянова |
||
| 944 |
_aED _c18.08.2011 _lф / 27.10.2010 _k |
||
| 999 |
_c92884 _d92884 |
||